000 01664nam a22002657a 4500
999 _c56994
_d56994
003 Ge_BSU
005 20190925115001.0
008 190925s2019 ge ||||| |||| 00| 0 geo d
020 _a9789941964107
041 _ageo
080 _a349.2(479.22) + 331.109(479.22) ლ-65
245 _aშრომით დავებთან დაკავშირებული სასამართლო პრაქტიკა /
_cმაია ლიპარტელიანი, ილია ჭანტურაია, ქეთი კრაწაშვილი, რაისა ლიპარტელიანი ; რედ : პაატა ბელთაძე, რაისა ლიპარტელიანი.
264 _aთბილისი :
_bსამშობლო,
_c2019.
300 _a432 გვ. :
_c23 სმ.
653 _aსაქართველოს შრომის სამართალი. შრომითი დავები საქართველოში.
653 _aსამართალი
653 _aშრომა დასაქმება შრომის ეკონომიკა
700 _aლიპარტელიანი, მაია
_94302
700 _4ჭანტურაია,ილია
700 _aკრაწაშვილი , ქეთი
_94303
700 _aლიპარტელიანი , რაისა
_9529
700 _aბელთაძე , პაატა
_eრედაქტორი
_9528
700 _aლიპარტელიანი., რაისა
_eრედაქტორი
_9529
942 _2udc
_cBK